Технология на властта (Запис номер 117433)
[ съкратено ]
| 000 -Лидер | |
|---|---|
| Контролно поле с фиксирана дължина | 01967nam a2200445 a 4500 |
| 003 - Код на организацията, давaща контролен номер | |
| Контролно поле | BLK |
| 005 - Дата и час на последна редакция | |
| Контролно поле | 20240311114241.0 |
| 008 - Елементи от данни с фиксирана дължина | |
| fixed length control field | 180409b bul|||||r ||||||| ||bul|| |
| 010 ## - Наследен системен номер | |
| LC control number | KNG00123020000 |
| 020 ## - Международен стандартен номер на книга ISBN | |
| Международен стандартен номер на книга ISBN | 954-445-120-Х |
| 040 ## - Източник на каталожния запис | |
| Идентификатор на билиотеката - собственик на записа | BLK |
| 041 ## - Код за език | |
| Код за езика на текст/звукозапис или на отделно заглавие | Български |
| Код за езика КДБФ | Български |
| 080 ## - УДК | |
| Текстов определител УДК | Вътрешна политика. Вж и 329 |
| УДК код - определител по УДК | 323 |
| УДК определител | (47+57)(093.3) |
| УДК - код + определител | 323(47+57)(093.3) |
| 080 ## - УДК | |
| Текстов определител УДК | Политически партии и движения |
| УДК код - определител по УДК | 329 |
| УДК определител | (47+57)(092)(093.3) |
| УДК - код + определител | 329(47+57)(092)(093.3) |
| 100 1# - Редна дума - Автор | |
| Автор | Авторханов, Абдурахман |
| Авторска отговорност | първи автор |
| R(LIN) | 29412 |
| 139 ## - Редно поле | |
| Редна дума | Авторханов, Абдурахман |
| Авторски знак | Авт - А 22 |
| 245 10 - Сведения за заглавието | |
| Заглавие | Технология на властта |
| Подзаглавни данни | Спомени : Т. 1 - |
| Редно поле (дума) | Абдурахман Авторханов; прев. от рус. Елеонора Цветкова Тодорова. |
| Том | Т. 1 |
| 257 ## - Страна на издаване | |
| Страна на създаване/издаване | СССР |
| 260 ## - Област на издателските данни | |
| Място на издаване, разпространение и проч. | София |
| Име на издателя, разпространителя и проч. | Христо Ботев |
| Година на издаване | 1994 |
| 9 (RLIN) | 210116 |
| Издателство - префикс ISBN | 978-954-445- |
| 300 ## - Физическа характеристика | |
| Страници | 448 с. |
| Размери/Мащаб | 20 см |
| 380 ## - Жанр | |
| Жанр | Обществени науки |
| 490 ## - СЕРИИ (Колекции) | |
| Име на серия | Поредица Тоталитарното общество |
| 500 ## - Общи забележки | |
| Забележка | Ориг. загл. Технология власти. |
| 650 #4 - Допълнително описание по предмет – тема | |
| Основно описание – тема или топоним | СССР - вътрешна и външна политика - спомени |
| 9 (RLIN) | 243082 |
| 650 #4 - Допълнително описание по предмет – тема | |
| Основно описание – тема или топоним | Политици, съветски - спомени |
| 9 (RLIN) | 261341 |
| 651 #4 - Допълнително описание по предмет - топоним | |
| Географско понятие | СССР |
| 9 (RLIN) | 179592 |
| 653 ## - Ключова дума – ненормативна | |
| Ключова дума | СССР |
| 653 ## - Ключова дума – ненормативна | |
| Ключова дума | вътрешна политика |
| 653 ## - Ключова дума – ненормативна | |
| Ключова дума | партии |
| 653 ## - Ключова дума – ненормативна | |
| Ключова дума | история |
| 700 1# - Други автори (авторска отговорност) | |
| Лично име | Тодорова, Елеонора Цветкова |
| Автороска отговорност (Описва отношението между автора и произведението) | прев. от рус. |
| 9 (RLIN) | 315247 |
| 760 1# - Описание на основната серия | |
| Редна дума на основното описание | Авторханов, Абдурахман |
| Място на издаване, издател и година | Христо Ботев, 1994 |
| Страници - том | 448 с. |
| Заглавие | Т. 1 |
| 852 ## - Местоположение | |
| Форматна сигнатура | Цб 176456 |
| Фондова буква | Хранилище |
| 856 4# - Електронен адрес и достъп | |
| Електронен формат | pdf - файл |
| 856 4# - Електронен адрес и достъп | |
| Електронен формат | pdf - файл |
| 942 ## - АРТИКУЛИ | |
| Вид на библиотечния материал | Книги |
| Скрит в OPAC | Не |
| Koha issues (borrowed), all copies | 2 |
| 944 ## - СЪЗДАВАНЕ И РЕДАКЦИЯ на ЗАПИСА | |
| Създаване/Редакция | Създаване |
| Дата на регистрацията/редакция | 26.04.2011 |
| Статус, дата на статуса | Христина Везирева |
| Служител, извършил регистрацията/редакцията | 30535 |
| 944 ## - СЪЗДАВАНЕ И РЕДАКЦИЯ на ЗАПИСА | |
| Създаване/Редакция | Редакция |
| Дата на регистрацията/редакция | 26.04.2011 |
| Статус, дата на статуса | добави в АБ / 21.04.2011 |
| 999 ## - СИСТЕМНИ КОНТРОЛНИ НОМЕРА | |
| Koha biblionumber | 117433 |
| Koha biblioitemnumber | 117433 |
| 999 ## - СИСТЕМНИ КОНТРОЛНИ НОМЕРА | |
| Koha biblioitemnumber | 117433 |
| Код за отписване | Код за изгубен артикул | Източник на класификационната схема | Код за повреда | Коз за рестрикции | Код за отдаване | Артикулен № | Име на библиотеката - собственик | Име на библиотеката, в която се намира в момента | Статус (Текущо местоположение) | Дата на вписване в системата | Местоположение - отдел | Цена в лева | Инвентарен номер | Систематично азбучна сигнатура | Баркод | Номер на екземпляра | Цена в евро | Служебна бележка | Служебен тип на артикула |
|---|---|---|---|---|---|---|---|---|---|---|---|---|---|---|---|---|---|---|---|
| Не е изгубен | Universal Decimal Classification | Не е повреден | без рестрикции | ползва се в читалня | 189387 | Регионална библиотека "Любен Каравелов" Русе | Регионална библиотека "Любен Каравелов" Русе | Хранилище | 1994-01-01 | Хранилище | 1.18 | 600675 | Цб 176456 | 120000600675 | 1 | 0.60 | Дост: Dp Вид: Д N: стар фонд Дата: 01.01.1994 | Книги |